[Event "NED-chT 0809"]
[Site "Netherlands"]
[Date "2009.02.07"]
[Round "5.6"]
[White "Van der Heijden, Ton"]
[Black "Wantola, Ivo"]
[Result "1-0"]
[WhiteElo "2245"]
[BlackElo "2277"]
[PlyCount "77"]
[EventDate "2008.09.27"]
[EventType "team-tourn"]
[EventRounds "9"]
[EventCountry "NED"]
[SourceTitle "EXT 2010"]
[Source "ChessBase"]
[SourceDate "2010.11.25"]
[SourceVersion "1"]
[SourceVersionDate "2010.11.25"]
[SourceQuality "1"]
[WhiteTeam "Bussum"]
[BlackTeam "Voerendaal"]
[WhiteTeamCountry "NED"]
[BlackTeamCountry "NED"]

1. d4 Nf6 2. c4 e6 3. Nf3 b6 4. Nc3 Bb7 5. Bg5 h6 6. Bh4 Bb4 7. Qc2 g5 8. Bg3 Be4 9. Qb3 Nc6 10. a3 Ba5 11. 0-0-0 Bxc3 12. Qxc3 d5 13. Ne5 Ne7 14. h4 g4 15. f3 Bf5 16. h5 gxf3 17. gxf3 Nd7 18. e4 dxe4 19. d5 exd5 20. fxe4 Bxe4 21. Bh3 Nf5 22. Rhf1 Qg5+ 23. Bf4 Qf6 24. Nxd7 Qxc3+ 25. bxc3 Kxd7 26. Bxf5+ Kc6 27. cxd5+ Bxd5 28. c4 Bxc4 29. Be4+ Kb5 30. Bxa8 Rxa8 31. Rf2 Re8 32. Bxh6 Re5 33. Rh1 Bd3 34. Bg7 Rc5+ 35. Kb2 a5 36. h6 Bh7 37. Bc3 Rg5 38. Rxf7 Rg2+ 39. Ka1 1-0